| 000 | 00345nam a2200133Ia 4500 | ||
|---|---|---|---|
| 999 |
_c10856 _d10856 |
||
| 008 | 191201s2004 xx 000 0 und d | ||
| 100 | _aCHUNAWALLA, S.A. | ||
| 245 | 0 | _aAdvertising Theory and Practice | |
| 250 | _a6th | ||
| 260 |
_aNew Delhi _bHimalya Pub _c2020 |
||
| 300 | _a398 | ||
| 650 | _aBachelor of Mass Communication | ||
| 942 |
_2ddc _cBK |
||